Регионална библиотека "Любен Каравелов" - Русе

Опис на джизие регистри, запазени в Ориенталския отдел на Народна библиотека "Кирил и Методий (Запис номер 118766)

MARC детайли
000 -Лидер
Контролно поле с фиксирана дължина 02266nam a2200397 a 4500
003 - Код на организацията, давaща контролен номер
Контролно поле BLK
005 - Дата и час на последна редакция
Контролно поле 20240426111015.0
008 - Елементи от данни с фиксирана дължина
fixed length control field 220520b bu |||||r|||| 00| | bu d
010 ## - Наследен системен номер
LC control number KNG00124377000
040 ## - Източник на каталожния запис
Идентификатор на билиотеката - собственик на записа BLK
041 ## - Код за език
Код за езика на текст/звукозапис или на отделно заглавие Български
Код за езика КДБФ Български
080 ## - УДК
Текстов определител УДК Архивистика. Архиви
УДК код - определител по УДК 930.25
УДК - код + определител 930.25
080 ## - УДК
Текстов определител УДК Период на кризата на феодализма, зараждане на капиталистически отношения. Възраждане на българския народ (II пол. на ХVIII в. - 1878 г.)
УДК код - определител по УДК 94(497.2)"1750/1878"
УДК - код + определител 94(497.2)"1750/1878"
139 ## - Редно поле
Редна дума Опис на джизие регистри, запазени в Ориенталския отдел на Народна библиотека "Кирил и Методий
Авторски знак Опи - О 61
245 10 - Сведения за заглавието
Заглавие Опис на джизие регистри, запазени в Ориенталския отдел на Народна библиотека "Кирил и Методий
Редно поле (дума) състав. Аспарух Велков; ред. Бистра Цветкова.
246 11 - Различни форми на заглавието
Паралелно заглавие Опись джизие регистров, сохраняемых в Ориентальном отделе Народной библиотеки им. Кирилла и Методий
257 ## - Страна на издаване
Страна на създаване/издаване България
260 ## - Област на издателските данни
Място на издаване, разпространение и проч. София
Име на издателя, разпространителя и проч. Нар. библ. Кирил и Методий
Година на издаване 1983
300 ## - Физическа характеристика
Страници 228 с.
Илюстрации и др. 4 л. факс.
Размери/Мащаб 20 см
380 ## - Жанр
Жанр История
500 ## - Общи забележки
Забележка Съдържа и речник на турските думи и изрази. - Геогр., именен показалци.
650 #4 - Допълнително описание по предмет – тема
Основно описание – тема или топоним Архивни документи, османски
9 (RLIN) 257523
653 ## - Ключова дума – ненормативна
Ключова дума архивни фондове
653 ## - Ключова дума – ненормативна
Ключова дума България
653 ## - Ключова дума – ненормативна
Ключова дума османско владичество
700 1# - Други автори (авторска отговорност)
Лично име Велков, Аспарух
Автороска отговорност (Описва отношението между автора и произведението) състав.
9 (RLIN) 245077
700 1# - Други автори (авторска отговорност)
Лично име Цветкова, Бистра Андреева
9 (RLIN) 139638
852 ## - Местоположение
Форматна сигнатура Цб 120806
856 4# - Електронен адрес и достъп
Електронен формат pdf - файл
856 4# - Електронен адрес и достъп
Електронен формат pdf - файл
999 ## - СИСТЕМНИ КОНТРОЛНИ НОМЕРА
Koha biblionumber 118766
Koha biblioitemnumber 118766
942 ## - АРТИКУЛИ
Вид на библиотечния материал Книги
Скрит в OPAC Не
Периодичен библиозапис Да
944 ## - СЪЗДАВАНЕ И РЕДАКЦИЯ на ЗАПИСА
Създаване/Редакция Създаване
Дата на регистрацията/редакция 15.07.2011
Статус, дата на статуса Геновева Генчева
Служител, извършил регистрацията/редакцията 30560
944 ## - СЪЗДАВАНЕ И РЕДАКЦИЯ на ЗАПИСА
Създаване/Редакция Редакция
Дата на регистрацията/редакция 23.02.2018
Статус, дата на статуса 15.07.2011 - от С1,Р / 15.07.2011
Служител, извършил регистрацията/редакцията Геновева_Генчева
944 ## - СЪЗДАВАНЕ И РЕДАКЦИЯ на ЗАПИСА
Създаване/Редакция Редакция
Дата на регистрацията/редакция 2022-05-20
Статус, дата на статуса 2022-05-20
Служител, извършил регистрацията/редакцията ВК
999 ## - СИСТЕМНИ КОНТРОЛНИ НОМЕРА
Koha biblioitemnumber 118766
Наличности
Код за отписване Код за изгубен артикул Източник на класификационната схема Код за повреда Коз за рестрикции Код за отдаване Артикулен № Име на библиотеката - собственик Име на библиотеката, в която се намира в момента Статус (Текущо местоположение) Дата на вписване в системата Местоположение - отдел Цена в лева Инвентарен номер Систематично азбучна сигнатура Баркод Номер на екземпляра Цена в евро Служебна бележка Служебен тип на артикула
  Не е изгубен Universal Decimal Classification Не е повреден само за читалня ползва се в читалня 191495 Регионална библиотека "Любен Каравелов" Русе Регионална библиотека "Любен Каравелов" Русе Хранилище 1983-01-01 Хранилище 1.80 375169 Цб 120806 120000375169 1 0.92 N: стар фонд Дата: 01.01.1983 Книги
Изтеглен Не е изгубен Universal Decimal Classification Не е повреден без рестрикции ползва се в читалня 191496 Регионална библиотека "Любен Каравелов" Русе Регионална библиотека "Любен Каравелов" Русе СБИД 1983-01-01 СБИД 1.80 384237 С 930/О 61 384237 2 0.92 N: стар фонд Дата: 01.01.1983 Дата инв: 07.06.2017 Бележки инв: С2017 Книги
Vip Innovations Ltd, Rousse, Bulgaria 2025